Αυτογνωσία αυτοανάλυση - αυτοέλεγχος : ψυχολογική θεώρηση
Αποθηκεύτηκε σε:
| Κύριος συγγραφέας: | |
|---|---|
| Μορφή: | Βιβλίο |
| Γλώσσα: | Greek |
| Δημοσίευση: |
Αθήνα :
Ελληνικά Γράμματα,
1989
|
| Θέματα: | |
| Ετικέτες: |
Προσθήκη ετικέτας
Δεν υπάρχουν, Καταχωρήστε ετικέτα πρώτοι!
|
MARC
| LEADER | 00000nam a2200000 i 4500 | ||
|---|---|---|---|
| 001 | 1/77260 | ||
| 008 | 960806s1989 gre d | ||
| 035 | |a 1993 |b 1 |c Πολεμικός |l 10032616 | ||
| 040 | |a GR-MY-UA |b gre |e aacr | ||
| 041 | 0 | |a gre | |
| 082 | 0 | |a 155.2 | |
| 100 | 1 | |a Καλαντζή-Αζίζι, Αναστασία. | |
| 245 | 1 | 0 | |a Αυτογνωσία αυτοανάλυση - αυτοέλεγχος : |b ψυχολογική θεώρηση / |c Αναστασία Καλαντζή - Αζίζι |
| 260 | |a Αθήνα : |b Ελληνικά Γράμματα, |c 1989 | ||
| 300 | |a 192 σ. | ||
| 650 | 0 | 0 | |a Self-perception. |
| 650 | 0 | 0 | |a Personality. |
| 852 | |a INST |b RHODES |e 19960806 |h 155.2 ΚΑΛ |p 005400005979 |q 005400005979 |t BK |y 0 | ||
| 909 | |a Ρ |b 025645 |c 1993 | ||
| 970 | |z 2000/07/ΚΑΤΕΡΙΝΑ | ||